Online
Catalog

Teoría del delito / (Record no. 48941)

MARC details
000 -CABECERA
campo de control de longitud fija 01518nam a22002537a 4500
003 - IDENTIFICADOR DEL NÚMERO DE CONTROL
campo de control OSt
005 - FECHA Y HORA DE LA ÚLTIMA TRANSACCIÓN
campo de control 20201021144028.0
008 - DATOS DE LONGITUD FIJA--INFORMACIÓN GENERAL
campo de control de longitud fija 201021b 2007 dr 00| 0 eng d
020 ## - NÚMERO INTERNACIONAL ESTÁNDAR DEL LIBRO
Número Internacional Estándar del Libro 9789945425178
040 ## - FUENTE DE LA CATALOGACIÓN
Centro catalogador/agencia de origen DO-SdBNP
Lengua de catalogación spa
Centro/agencia transcriptor BNPHU
082 ## - NÚMERO DE LA CLASIFICACIÓN DECIMAL DEWEY
Número de documento/Ítem T314d
245 00 - MENCIÓN DE TÍTULO
Título Teoría del delito /
Mención de responsabilidad, etc. José de la Mata Amaya ... [et al.]
250 ## - MENCIÓN DE EDICIÓN
Mención de edición 3a ed.
260 ## - PUBLICACIÓN, DISTRIBUCIÓN, ETC.
Lugar de publicación, distribución, etc. Santo Domingo :
Nombre del editor, distribuidor, etc. Escuela Nacional de la Judicatura,
Fecha de publicación, distribución, etc. 2007.
300 ## - DESCRIPCIÓN FÍSICA
Extensión 505 p. ;
Dimensiones 28 cm.
500 ## - NOTA GENERAL
Nota general La biblioteca posee la tercera reimpresión 2010.
505 ## - NOTA DE CONTENIDO CON FORMATO
Nota de contenido con formato Presentación --
Título Introducción --
-- El derecho penal. Fundamento y límites a su intervención. La ley penal. ámbito de aplicación --
-- El concepto de delito. La tipicidad. El tipo objetivo --
-- El tipo subjetivo. Dolo, imprudencia y error de tipo --
-- La omisión --
-- La tentativa de delito y el desistimiento --
-- Formar de intervención en el hecho típico : la autoría y la participación --
-- La antijuridicidad. Causas de justificación --
-- |La culpabilidad --
-- Las circunstancias modificativas de la responsabilidad y la pluralidad de delitos -
-- Las consecuencias jurídicas del delito. La pena y la medida de seguridad. La determinación de la pena --
-- Guía metodológica para la solución con casos penales --
700 1# - PUNTO DE ACCESO ADICIONAL--NOMBRE DE PERSONA
Nombre de persona Mata Amaya, José de la
9 (RLIN) 30889
700 1# - PUNTO DE ACCESO ADICIONAL--NOMBRE DE PERSONA
Nombre de persona Sánchez Tomás, Miguel
9 (RLIN) 76988
700 1# - PUNTO DE ACCESO ADICIONAL--NOMBRE DE PERSONA
Nombre de persona Alcácer Guirao, Rafael
9 (RLIN) 76989
700 1# - PUNTO DE ACCESO ADICIONAL--NOMBRE DE PERSONA
Nombre de persona Lascuraín Sánchez, Juan Antonio
9 (RLIN) 76990
700 1# - PUNTO DE ACCESO ADICIONAL--NOMBRE DE PERSONA
Nombre de persona Rusconi, Maximiliano
9 (RLIN) 7258
942 ## - ELEMENTOS DE PUNTO DE ACCESO ADICIONAL (KOHA)
Fuente del sistema de clasificación o colocación Dewey Decimal Classification
Tipo de ítem Koha Libro
Holdings
Estado de retiro Estado de pérdida Fuente del sistema de clasificación o colocación No para préstamo Código de colección Localización permanente Ubicación/localización actual Ubicación en estantería Fecha de adquisición Fuente de adquisición Total de préstamos Signatura topográfica completa Fecha visto por última vez Precio válido a partir de Tipo de ítem Koha
    Dewey Decimal Classification   Monografías: Libros y Folletos Biblioteca Nacional Pedro Henríquez Ureña Biblioteca Nacional Pedro Henríquez Ureña En catalogación 21.10.2020 Domínico Americano   T314d 21.10.2020 21.10.2020 Libro

Powered by Koha